مكتبة جامعة عجلون الوطنية

فهرس بحث المكتبة

المختار من شعر الجواهري : الجواهري شاعر العرب الكبير، ج2 (Record no. 9240)

MARC details
000 -LEADER
fixed length control field 00850nam a2200229Ii 4500
003 - CONTROL NUMBER IDENTIFIER
control field JO-AjNU
008 - FIXED-LENGTH DATA ELEMENTS--GENERAL INFORMATION
fixed length control field 230605s9999||||xx |||||||||||||| ||und||
017 ## - COPYRIGHT OR LEGAL DEPOSIT NUMBER
Copyright or legal deposit number 2001/14872
020 ## - INTERNATIONAL STANDARD BOOK NUMBER
International Standard Book Number 977-01-7520-X
040 ## - CATALOGING SOURCE
Original cataloging agency JO-AjNU
Language of cataloging ara
Description conventions rda
Transcribing agency JO-AjNU
041 ## - LANGUAGE CODE
Language code of text/sound track or separate title ara
050 14 - LIBRARY OF CONGRESS CALL NUMBER
Classification number PJ786.AL7 2001
100 3# - MAIN ENTRY--PERSONAL NAME
Personal name قدمة عبد الامير،شوقي,
Relator term author
9 (RLIN) 17994
245 00 - TITLE STATEMENT
Title المختار من شعر الجواهري : الجواهري شاعر العرب الكبير، ج2
264 31 - PRODUCTION, PUBLICATION, DISTRIBUTION, MANUFACTURE, AND COPYRIGHT NOTICE
Place of production, publication, distribution, manufacture القاهرة: وزارة الثقافة، 2001
300 ## - PHYSICAL DESCRIPTION
Extent ج2، 185ص
336 ## - CONTENT TYPE
Content type term text
Content type code txt
Source rdacontent
337 ## - MEDIA TYPE
Media type term unmediated
Media type code n
Source rdamedia
338 ## - CARRIER TYPE
Carrier type term volume
Carrier type code nc
Source rdacarrier
490 0# - SERIES STATEMENT
Series statement مهرجان القراءة للجميع،2001 مكتبة الاسرة
650 #4 - SUBJECT ADDED ENTRY--TOPICAL TERM
Topical term or geographic name entry element الجواهري شاعر العرب الكبير-شعر
9 (RLIN) 17995
Holdings
Withdrawn status Lost status Source of classification or shelving scheme Damaged status Not for loan Home library Current library Shelving location Date acquired Total Checkouts Full call number Barcode Date last seen Price effective from Koha item type
    Library of Congress Classification     مكتبة جامعة عجلون الوطنية مكتبة جامعة عجلون الوطنية المجموعات العامة 06/06/2023   PJ786.AL7 2001 A5672 06/06/2023 06/06/2023 Books